[Event "Superettan(Burgsvik-Wasa)"]
[Site "?"]
[Date "2012.03.09"]
[Round "7"]
[White "Wedberg, Tom"]
[Black "Fries Nielsen, Niels J"]
[Result "1/2-1/2"]
[WhiteElo "2553"]
[BlackElo "2390"]
[PlyCount "76"]
[SourceDate "2012.03.16"]

1. e4 d6 2. d4 Nf6 3. Nc3 g6 4. Nf3 Bg7 5. h3 O-O 6. Be3 a6 7. a4 Nc6 8. Qd2 e5
9. d5 Ne7 10. Be2 Nxe4 11. Nxe4 f5 12. Nfg5 fxe4 13. Nxe4 Nf5 14. Bg5 Qe8 15.
Qd3 Bd7 16. b3 Rc8 17. O-O Bh6 18. h4 Bg7 19. g3 Nd4 20. Bd1 Bh3 21. Re1 Qf7
22. c3 Nf3+ 23. Bxf3 Qxf3 24. Qxf3 Rxf3 25. Be3 Rff8 26. c4 Bf5 27. f3 h5 28.
Kg2 Rf7 29. Rac1 Bxe4 30. fxe4 c5 31. Rb1 a5 32. Rf1 Rcf8 33. Bg5 Bf6 34. Bh6
Bg7 35. Bd2 b6 36. Be3 Rxf1 37. Rxf1 Rxf1 38. Kxf1 Bf6 1/2-1/2

[Event "Superettan(Burgsvik-Wasa)"]
[Site "?"]
[Date "2012.03.09"]
[Round "7"]
[White "Andersson, Bjorn"]
[Black "Astrom, Goran"]
[Result "0-1"]
[WhiteElo "2318"]
[BlackElo "2320"]
[PlyCount "75"]

1. e4 c5 2. Nf3 e6 3. d4 cxd4 4. Nxd4 a6 5. Bd3 Bc5 6. Nb3 Be7 7. Nc3 d6 8. O-O
Nf6 9. Be3 Nbd7 10. f4 b6 11. Qe2 Bb7 12. Rad1 Qc7 13. f5 e5 14. Bg5 O-O 15.
Bxf6 Nxf6 16. g4 d5 17. g5 Nxe4 18. Bxe4 dxe4 19. f6 Bc5+ 20. Kh1 e3+ 21. Kg1
Rfd8 22. Nxc5 Qxc5 23. h4 Rd2 24. Rxd2 exd2+ 25. Qf2 Rd8 26. Qxc5 bxc5 27. Kf2
Be4 28. Nxe4 d1=Q 29. Rxd1 Rxd1 30. Ke2 Rh1 31. Nxc5 Rxh4 32. b3 a5 33. c4 gxf6
34. Nd7 fxg5 35. c5 Rd4 36. c6 Rd6 37. Nb8 Rd8 38. Na6 0-1

[Event "Superettan(Burgsvik-Wasa)"]
[Site "?"]
[Date "2012.03.09"]
[Round "7"]
[White "Krupenski, Juri"]
[Black "Zimmermann, Julian"]
[Result "0-1"]
[WhiteElo "2291"]
[BlackElo "2304"]
[PlyCount "64"]

1. d4 Nf6 2. Nf3 g6 3. c4 Bg7 4. g3 O-O 5. Bg2 d6 6. O-O c5 7. d5 e6 8. Nc3
exd5 9. cxd5 Re8 10. Bf4 Ne4 11. Nxe4 Rxe4 12. Bg5 Qc7 13. Nd2 Re8 14. Ne4 Nd7
15. Qd2 f5 16. Nc3 a6 17. Rac1 Ne5 18. b3 b5 19. h4 Bd7 20. Bh6 Bxh6 21. Qxh6
b4 22. Nd1 Bb5 23. Qd2 a5 24. Ne3 Qg7 25. Rfe1 a4 26. f4 Nd7 27. Nc4 Bxc4 28.
bxc4 b3 29. axb3 axb3 30. Qc3 Qxc3 31. Rxc3 b2 32. Rd3 Rxe2 0-1

[Event "Superettan(Burgsvik-Wasa)"]
[Site "?"]
[Date "2012.03.09"]
[Round "7"]
[White "Nordstrom, Felix"]
[Black "Linusson, Pelle"]
[Result "1/2-1/2"]
[WhiteElo "2168"]
[BlackElo "2109"]
[PlyCount "55"]
[SourceDate "2012.03.16"]

1. d4 Nf6 2. c4 g6 3. Nc3 d5 4. Nf3 Bg7 5. e3 O-O 6. Qb3 c6 7. Bd2 Ne4 8. cxd5
Nxc3 9. dxc6 Nxc6 10. Bxc3 Qd6 11. Be2 b6 12. O-O Bb7 13. Rfd1 Rab8 14. Rac1
Rbc8 15. d5 Ne5 16. Bb4 Qf6 17. Qa3 Rxc1 18. Rxc1 Re8 19. Bc3 Qf5 20. Qxa7 Bxd5
21. Bxe5 Bxe5 22. Nxe5 Qxe5 23. Qxb6 Rb8 24. Qc5 Qxb2 25. Bf3 Bxa2 26. h3 Qxc1+
27. Qxc1 Rb1 28. Qxb1 1/2-1/2

[Event "Superettan(Burgsvik-Wasa)"]
[Site "?"]
[Date "2012.03.09"]
[Round "7"]
[White "Akerman, Axel"]
[Black "Berkell, Peder"]
[Result "1/2-1/2"]
[WhiteElo "2195"]
[BlackElo "2161"]
[PlyCount "127"]

1. e4 b6 2. Nc3 e6 3. d4 Bb7 4. Bd3 Bb4 5. Nge2 d5 6. O-O Nf6 7. e5 Ng8 8. a3
Bf8 9. Ng3 Ba6 10. Bxa6 Nxa6 11. Nce2 Qd7 12. Nf4 g6 13. Qe2 Nb8 14. c4 c6 15.
cxd5 cxd5 16. b4 Nc6 17. Be3 Nge7 18. Rfd1 h5 19. h4 Bh6 20. Qd2 Bxf4 21. Bxf4
O-O-O 22. Bg5 Kb7 23. Ne2 Rc8 24. a4 a6 25. Nc1 a5 26. Na2 Nf5 27. Rab1 Ka7 28.
bxa5 Nxa5 29. Qb4 Qb7 30. Nc3 Rc4 31. Nb5+ Ka8 32. Qa3 Qc6 33. Bd2 Rb8 34. g3
Rc2 35. Bxa5 bxa5 36. Qd3 Rb7 37. Qa3 Qc4 38. Qf8+ Qc8 39. Qa3 Qc4 40. Nd6 Qe2
41. Ne4 Rb4 42. Re1 Qc4 43. Nd6 Qxd4 44. Qf3 Rc3 45. Nxf5 gxf5 46. Qe2 Rxb1 47.
Rxb1 Rxg3+ 48. Kf1 Qd3 49. fxg3 Qxb1+ 50. Kf2 Kb7 51. Qxh5 Qb2+ 52. Qe2 Qd4+
53. Kg2 Qxa4 54. h5 Qc4 55. Qb2+ Qb4 56. Qe2 a4 57. h6 a3 58. Qh5 Qb2+ 59. Kh3
Qxe5 60. h7 Qe4 61. Kh2 Qc2+ 62. Kh3 Qe4 63. Kh2 Qc2+ 64. Kh3 1/2-1/2

[Event "Superettan(Burgsvik-Wasa)"]
[Site "?"]
[Date "2012.03.09"]
[Round "7"]
[White "Wenzel, Birger"]
[Black "Scheid, Adam"]
[Result "0-1"]
[WhiteElo "2070"]
[BlackElo "1996"]
[PlyCount "74"]

1. c4 e5 2. g3 Nf6 3. Bg2 Bc5 4. Nc3 O-O 5. Nf3 d6 6. O-O Nc6 7. d3 Be6 8. a3
a5 9. Ng5 Qd7 10. Nxe6 Qxe6 11. Nd5 Ne8 12. e3 Nd8 13. d4 Ba7 14. b3 c6 15. Nc3
Nc7 16. dxe5 dxe5 17. Ne4 f6 18. Qd6 Na6 19. Rd1 Nc5 20. Rb1 Nxe4 21. Bxe4 Qxd6
22. Rxd6 Nf7 23. Rd7 Rfd8 24. Rxb7 Nd6 25. Bxc6 Nxb7 26. Bxb7 Rd1+ 27. Kg2 Rb8
28. Bd5+ Kh8 29. b4 Bc5 30. Kf3 axb4 31. Ke2 Rxc1 32. Rxc1 bxa3 33. Rc2 g6 34.
Kd3 Rb3+ 35. Rc3 a2 36. Rxb3 a1=Q 37. Rb8+ Kg7 0-1

[Event "Superettan(Burgsvik-Wasa)"]
[Site "?"]
[Date "2012.03.09"]
[Round "7"]
[White "Larsson, Victor"]
[Black "Sjoholm, Emil"]
[Result "1-0"]
[WhiteElo "2185"]
[BlackElo "1998"]
[PlyCount "89"]

1. d4 Nf6 2. c4 c5 3. d5 e6 4. Nc3 exd5 5. cxd5 d6 6. Nf3 g6 7. h3 Bg7 8. Bf4
O-O 9. e3 a6 10. a4 Qe7 11. Nd2 Nbd7 12. Nc4 Ne5 13. Bxe5 dxe5 14. Qb3 Nd7 15.
e4 f5 16. Bd3 Kh8 17. O-O f4 18. f3 Qg5 19. Nd6 b6 20. Rfd1 Qf6 21. Nxc8 Rfxc8
22. d6 Rcb8 23. Bc4 h5 24. Nd5 Qxd6 25. Nxf4 Qf6 26. Nxg6+ Qxg6 27. Rxd7 Rd8
28. Rad1 Rxd7 29. Rxd7 Bh6 30. Qd3 Qg5 31. Kf2 b5 32. Be6 c4 33. Qc3 h4 34. Bf5
Qg3+ 35. Kf1 Bg5 36. Qa5 Qh2 37. Qc7 Qh1+ 38. Kf2 Be3+ 39. Ke2 Qxg2+ 40. Kxe3
Qg5+ 41. Ke2 Qg2+ 42. Kd1 Qxf3+ 43. Kc1 Qf1+ 44. Kc2 Qe2+ 45. Kb1 1-0

[Event "Superettan(Burgsvik-Orgryte)"]
[Site "?"]
[Date "2012.03.10"]
[Round "8"]
[White "Frisk Kockum, Anton"]
[Black "Fries Nielsen, Niels J"]
[Result "1/2-1/2"]
[WhiteElo "2411"]
[BlackElo "2390"]
[PlyCount "81"]
[SourceDate "2012.03.16"]

1. d4 Nf6 2. Nf3 g6 3. c4 c5 4. d5 b5 5. cxb5 d6 6. Nc3 a6 7. b6 Nbd7 8. e4 Bg7
9. a4 a5 10. Bb5 O-O 11. O-O Ba6 12. b7 Bxb7 13. h3 Ne8 14. Re1 Nc7 15. Bxd7
Qxd7 16. Bf4 Rfd8 17. Qd2 e6 18. dxe6 Nxe6 19. Bh6 Bh8 20. Rad1 Bc6 21. b3 Rab8
22. Rb1 Rb4 23. Nd5 Bxd5 24. exd5 Nd4 25. Nxd4 Rxd4 26. Qxa5 Rxd5 27. Re2 Bd4
28. Bf4 Be5 29. Bxe5 dxe5 30. Rbe1 c4 31. Qb4 cxb3 32. Qxb3 Ra8 33. Rxe5 Rxe5
34. Rxe5 Qxa4 35. Qd5 Qa7 36. Re3 Rc8 37. Kh2 Qc5 38. Qa2 Qd6+ 39. g3 Qc6 40.
Re7 Qf3 41. Qe2 1/2-1/2

[Event "Superettan(Burgsvik-Orgryte)"]
[Site "?"]
[Date "2012.03.10"]
[Round "8"]
[White "Fries Nielsen, Jens Ove"]
[Black "Tukhaev, Adam"]
[Result "1-0"]
[WhiteElo "2394"]
[BlackElo "2600"]
[PlyCount "69"]

1. d4 Nf6 2. Nc3 d5 3. Bf4 Bf5 4. f3 e6 5. g4 Bg6 6. e3 Be7 7. h4 h5 8. g5 Nfd7
9. Bd3 Bxd3 10. cxd3 Na6 11. Nge2 c6 12. e4 g6 13. Be3 b5 14. Ng3 Nc7 15. Nce2
Rc8 16. Rc1 Na8 17. O-O Nab6 18. b3 a5 19. f4 f5 20. exd5 exd5 21. Bd2 b4 22.
Nxf5 gxf5 23. Ng3 Kf7 24. Nxf5 Bf8 25. Re1 Nf6 26. Ng3 Qd7 27. f5 Re8 28. Qf3
Bd6 29. Re6 Ng4 30. Nxh5 Rxh5 31. Qxg4 Rhh8 32. Rce1 Rd8 33. g6+ Kg8 34. f6 Qc7
35. Re8+ 1-0

[Event "Superettan(Burgsvik-Orgryte)"]
[Site "?"]
[Date "2012.03.10"]
[Round "8"]
[White "Arnelind, Mikael"]
[Black "Krupenski, Juri"]
[Result "0-1"]
[WhiteElo "2193"]
[BlackElo "2291"]
[PlyCount "100"]

1. d4 Nf6 2. c4 e6 3. Nc3 Bb4 4. e3 O-O 5. Nf3 d5 6. Bd3 c5 7. O-O Nc6 8. a3
Bxc3 9. bxc3 Qc7 10. Qc2 Na5 11. Ne5 dxc4 12. Nxc4 Nxc4 13. Bxc4 Bd7 14. Qe2 e5
15. d5 e4 16. f4 b5 17. Bxb5 Bxb5 18. Qxb5 Nxd5 19. Qc4 Nf6 20. a4 Rad8 21. Ba3
Rd5 22. Rad1 Rfd8 23. Rxd5 Rxd5 24. Rb1 h5 25. Qb5 c4 26. Qb8+ Qxb8 27. Rxb8+
Kh7 28. h3 Rd3 29. Bc5 Rxc3 30. Bxa7 h4 31. Rb5 Rc1+ 32. Kf2 Rc2+ 33. Kf1 Ra2
34. Bd4 Rxa4 35. Rc5 Kg6 36. Rg5+ Kh6 37. Rc5 Nh5 38. Rc6+ f6 39. Rc8 Ra2 40.
Rxc4 Ng3+ 41. Ke1 Rxg2 42. Rc8 Kg6 43. Rh8 Nf5 44. Re8 Nxd4 45. exd4 Kf5 46. d5
Kxf4 47. d6 Ke3 48. Rxe4+ Kxe4 49. d7 Ke3 50. d8=Q Rg1# 0-1

[Event "Superettan(Burgsvik-Orgryte)"]
[Site "?"]
[Date "2012.03.10"]
[Round "8"]
[White "Andersson, Bjorn"]
[Black "Ziegler, Ari"]
[Result "1-0"]
[WhiteElo "2318"]
[BlackElo "2411"]
[PlyCount "61"]

1. e4 e6 2. d4 d5 3. e5 c5 4. c3 Nc6 5. Nf3 Bd7 6. a3 Nh6 7. b4 cxd4 8. cxd4
Be7 9. Bd3 Qb6 10. Be3 Rc8 11. O-O Nf5 12. Nbd2 Nxe3 13. fxe3 f6 14. exf6 Bxf6
15. Ng5 Nxd4 16. Qh5+ Ke7 17. Qf7+ Kd6 18. Rxf6 gxf6 19. Qxf6 Ne2+ 20. Kh1 Qxe3
21. Nf7+ Kc7 22. Bxe2 Qxd2 23. Qe5+ Kb6 24. Rd1 Qc3 25. Qd6+ Qc6 26. Qe5 Qc3
27. Qd6+ Rc6 28. Qxd7 Rhc8 29. b5 Rc5 30. Nd6 R8c7 31. Qxe6 1-0

[Event "Superettan(Burgsvik-Orgryte)"]
[Site "?"]
[Date "2012.03.10"]
[Round "8"]
[White "Kumar, Rahul"]
[Black "Larsson, Victor"]
[Result "1-0"]
[WhiteElo "2154"]
[BlackElo "2185"]
[PlyCount "89"]

1. Nf3 d5 2. g3 Nf6 3. Bg2 e6 4. O-O Be7 5. d3 O-O 6. Nbd2 c5 7. e4 Nc6 8. Re1
Rb8 9. e5 Nd7 10. Nf1 f6 11. exf6 Bxf6 12. Bh3 Nde5 13. Nxe5 Bxe5 14. f4 Bd4+
15. Kh1 e5 16. Bg2 Bf2 17. Re2 Bg4 18. Qd2 Bd4 19. Re1 exf4 20. gxf4 Qd7 21. c3
Bf6 22. Ne3 Be6 23. Nf1 Rbe8 24. Ng3 Bg4 25. Rf1 h5 26. f5 h4 27. Qf4 Ne5 28.
h3 g5 29. fxg6 Bg7 30. Qg5 Bxh3 31. Qxh4 Bxg2+ 32. Kxg2 Nxg6 33. Rxf8+ Rxf8 34.
Qg5 Qf7 35. Be3 Qf3+ 36. Kh2 Nh4 37. Rg1 Rf6 38. Nh5 Qe2+ 39. Kh1 Qf3+ 40. Kh2
Qe2+ 41. Kh3 Rf3+ 42. Rg3 Nf5 43. Nf6+ Kf7 44. Qh5+ Kxf6 45. Rxf3 1-0

[Event "Superettan(Burgsvik-Orgryte)"]
[Site "?"]
[Date "2012.03.10"]
[Round "8"]
[White "Akerman, Axel"]
[Black "Eksmyr, Johan"]
[Result "0-1"]
[WhiteElo "2195"]
[BlackElo "2114"]
[PlyCount "84"]

1. e4 c6 2. d4 d5 3. e5 Bf5 4. Nf3 e6 5. Be2 Ne7 6. O-O Bg6 7. Nbd2 Nd7 8. c3
c5 9. dxc5 Nc6 10. b4 Qc7 11. Nb3 Bh5 12. Re1 Bxf3 13. Bxf3 Ndxe5 14. Bxd5
O-O-O 15. Qe2 Rxd5 16. Bf4 f6 17. b5 Na5 18. Nd4 Bxc5 19. Nxe6 Qb6 20. Nxc5
Qxc5 21. Be3 Qc4 22. Qh5 Kb8 23. Qh3 Qg4 24. Qxg4 Nxg4 25. Bd4 Ne5 26. f4 Ng6
27. Re4 Rhd8 28. b6 a6 29. Rae1 Nc6 30. g4 Nxd4 31. cxd4 f5 32. gxf5 Nh4 33.
Kf2 Nxf5 34. Re5 Rxe5 35. dxe5 Ne7 36. e6 Rd6 37. f5 Rxb6 38. Rd1 Nxf5 39. Rd8+
Kc7 40. Rd7+ Kc8 41. Rf7 Rxe6 42. Rxf5 Rf6 0-1

[Event "Superettan(Burgsvik-Orgryte)"]
[Site "?"]
[Date "2012.03.10"]
[Round "8"]
[White "Goransson, Michael"]
[Black "Scheid, Adam"]
[Result "0-1"]
[WhiteElo "2005"]
[BlackElo "1996"]
[PlyCount "102"]

1. d4 d5 2. Nf3 c6 3. e3 Nf6 4. Bd3 Bg4 5. O-O e6 6. Nbd2 Bd6 7. e4 dxe4 8.
Nxe4 Nxe4 9. Bxe4 Nd7 10. Re1 Qc7 11. h3 Bxf3 12. Qxf3 Nf6 13. Bd3 h6 14. Bd2
O-O-O 15. b4 Nd5 16. Rab1 Bf4 17. Be3 g5 18. c4 Nxe3 19. fxe3 Bh2+ 20. Kh1 h5
21. Rf1 f5 22. d5 g4 23. Qe2 exd5 24. Bxf5+ Kb8 25. b5 c5 26. cxd5 Rxd5 27. e4
Rd4 28. Rfc1 Rhd8 29. Rd1 Bf4 30. Rxd4 cxd4 31. Qd3 g3 32. Rd1 h4 33. Bg4 Be3
34. Qb3 Qe5 35. Qd3 Re8 36. Bf5 Qc5 37. Qb3 Qc3 38. Qf7 Rd8 39. Qe7 Qc7 40.
Qxh4 d3 41. Bg4 Rf8 42. Bf5 d2 43. Qg4 Rd8 44. Qf3 Bf2 45. Bg4 Qd6 46. Qf5 Qd3
47. Qe5+ Ka8 48. Qc7 Re8 49. Bf3 Qe3 50. Qc4 Qe1+ 51. Qf1 Rc8 0-1

[Event "Superettan(Burgsvik-Orgryte)"]
[Site "?"]
[Date "2012.03.10"]
[Round "8"]
[White "Linusson, Pelle"]
[Black "Svedberg, Hans"]
[Result "1-0"]
[WhiteElo "2109"]
[BlackElo "2089"]
[PlyCount "79"]

1. d4 Nf6 2. c4 g6 3. Nc3 d5 4. Nf3 Bg7 5. Bg5 Ne4 6. cxd5 Nxg5 7. Nxg5 e6 8.
Nf3 exd5 9. e3 c6 10. b4 O-O 11. Be2 Bf5 12. Qb3 a6 13. a4 a5 14. O-O Nd7 15.
b5 Re8 16. Rfd1 Qb6 17. Rac1 Bf8 18. h3 h6 19. Bd3 Bxd3 20. Rxd3 Bd6 21. Rb1
Rab8 22. Rdd1 Qd8 23. Rdc1 Nb6 24. Qd1 Nc4 25. Nd2 Nxd2 26. Qxd2 Qd7 27. Qd3
Rbc8 28. bxc6 bxc6 29. Ne2 Bb4 30. Qb3 Kh7 31. Nf4 Bd6 32. Nd3 Rb8 33. Qc3 Rxb1
34. Rxb1 Qf5 35. Rc1 Rc8 36. Nc5 Rb8 37. Nb3 Ba3 38. Rd1 Qd7 39. Nc5 Bxc5 40.
Qxc5 1-0

[Event "Superettan(Upsala-Wasa)"]
[Site "?"]
[Date "2012.03.10"]
[Round "8"]
[White "Wedberg, Tom"]
[Black "Johansson, Jan"]
[Result "1/2-1/2"]
[WhiteElo "2553"]
[BlackElo "2433"]
[PlyCount "106"]

1. e4 d6 2. d4 Nf6 3. Nc3 e5 4. Nf3 Nbd7 5. Bc4 Be7 6. O-O O-O 7. Re1 c6 8. a4
b6 9. b3 a6 10. Bb2 Bb7 11. Bd3 Qc7 12. Ne2 Nh5 13. Qd2 g6 14. c4 Rfe8 15. a5
exd4 16. axb6 Qxb6 17. Bxd4 c5 18. Bc3 Bf6 19. Ba5 Qc6 20. Rad1 Qc8 21. Bc2 Ne5
22. Nxe5 Bxe5 23. Bc3 Qc7 24. f4 Bg7 25. Bxg7 Nxg7 26. Nc3 Ne6 27. Ne2 Ng7 28.
Nc3 Ne6 29. Qxd6 Qxd6 30. Rxd6 Nxf4 31. Rf1 Ne6 32. Rd7 Bc6 33. Rdxf7 Nd4 34.
Bd3 Rf8 35. Rc7 Rxf1+ 36. Bxf1 Rb8 37. Nd5 Kf8 38. e5 Re8 39. Nf6 Rxe5 40.
Nxh7+ Ke8 41. Nf6+ Kd8 42. Ra7 Re6 43. Nd5 Nxb3 44. Rxa6 Bxd5 45. cxd5 Rxa6 46.
Bxa6 Ke7 47. h4 Kd6 48. Bd3 Kxd5 49. Bxg6 Ke5 50. Kf2 Nd4 51. Bd3 Ne6 52. g3
Nd4 53. Ke3 c4 1/2-1/2

[Event "Superettan(Upsala-Wasa)"]
[Site "?"]
[Date "2012.03.10"]
[Round "8"]
[White "Glimbrant, Torbjorn"]
[Black "Astrom, Goran"]
[Result "1/2-1/2"]
[WhiteElo "2333"]
[BlackElo "2320"]
[PlyCount "42"]

1. d4 Nf6 2. c4 e6 3. Nf3 b6 4. g3 Ba6 5. b3 Bb4+ 6. Bd2 Be7 7. Bg2 c6 8. Ne5
d5 9. Bc3 Nfd7 10. Nxd7 Nxd7 11. Nd2 Rc8 12. O-O O-O 13. Re1 Nf6 14. e4 Nxe4
15. Nxe4 dxe4 16. Bxe4 Bf6 17. Qf3 Bxd4 18. Bxd4 Qxd4 19. Bxc6 Qc5 20. Bb7 Bxb7
21. Qxb7 Rc7 1/2-1/2

[Event "Superettan(Upsala-Wasa)"]
[Site "?"]
[Date "2012.03.10"]
[Round "8"]
[White "Zimmermann, Julian"]
[Black "Burwick, Malte"]
[Result "1-0"]
[WhiteElo "2304"]
[BlackElo "2302"]
[PlyCount "71"]

1. e4 g6 2. d4 Bg7 3. Nc3 d6 4. Be3 a6 5. a4 b6 6. Qd2 h6 7. h3 e6 8. g4 Nd7 9.
Bg2 Rb8 10. Nge2 Ne7 11. O-O h5 12. gxh5 Rxh5 13. Ng3 Rh7 14. f4 Nf6 15. Rae1
Kf8 16. f5 exf5 17. Bg5 b5 18. axb5 axb5 19. b4 Be6 20. d5 Bd7 21. h4 Qc8 22.
Bh3 Nfg8 23. exf5 Nxf5 24. Nxf5 gxf5 25. Qd3 Bh6 26. Bxf5 Rg7 27. Be6 Bxg5 28.
hxg5 Rxg5+ 29. Kh2 Bxe6 30. dxe6 Nh6 31. Qh3 Ng4+ 32. Kh1 Qb7+ 33. Re4 Ne5 34.
Qh6+ Rg7 35. Rg1 Ng6 36. Rxg6 1-0

[Event "Superettan(Upsala-Wasa)"]
[Site "?"]
[Date "2012.03.10"]
[Round "8"]
[White "Andersson, Fredrik"]
[Black "Soderberg, Per"]
[Result "1-0"]
[WhiteElo "2374"]
[BlackElo "2238"]
[PlyCount "51"]

1. e4 c5 2. Nc3 Nc6 3. f4 e6 4. Nf3 d5 5. Bb5 a6 6. Bxc6+ bxc6 7. d3 Nf6 8. O-O
Be7 9. Qe1 O-O 10. Qg3 a5 11. e5 Ne8 12. Na4 Ba6 13. b3 Bb5 14. Be3 Bxa4 15.
bxa4 Nc7 16. Rab1 Rb8 17. Bd2 Na6 18. f5 Kh8 19. Rxb8 Qxb8 20. f6 gxf6 21. Qh4
Qb2 22. c3 Qc2 23. exf6 Bd6 24. Qh6 Rg8 25. Ng5 Qxd3 26. Nxf7# 1-0

[Event "Superettan(Upsala-Wasa)"]
[Site "?"]
[Date "2012.03.10"]
[Round "8"]
[White "Collett, Peter"]
[Black "Johansson, Thomas"]
[Result "0-1"]
[WhiteElo "2238"]
[BlackElo "2249"]
[PlyCount "92"]

1. d4 Nf6 2. c4 e6 3. Nc3 Bb4 4. Qc2 c5 5. dxc5 Bxc5 6. Nf3 Qb6 7. e3 Qc7 8.
Be2 b6 9. O-O Nc6 10. a3 Be7 11. b3 Bb7 12. Bb2 Rc8 13. Rac1 Qb8 14. Qb1 Na5
15. Nd2 h5 16. b4 Ng4 17. g3 Nxh2 18. bxa5 h4 19. g4 h3 20. f4 Nxf1 21. Nxf1
Bc5 22. Nd5 exd5 23. Be5 Bd6 24. Bxg7 h2+ 25. Nxh2 Rxh2 26. Kxh2 Bxf4+ 27. exf4
Qxf4+ 28. Kh3 Qe3+ 29. Kh4 Qf2+ 30. Kh3 dxc4 31. Bf1 Qe3+ 32. Kh4 Qf2+ 33. Kh3
Rc6 34. Re1+ Kd8 35. Re2 Qf3+ 36. Kh2 Rg6 37. Qe1 Qf4+ 38. Kg1 Rxg7 39. Bh3 f5
40. Re8+ Kc7 41. axb6+ axb6 42. Qc3 Rg6 43. a4 fxg4 44. Bf1 Rh6 45. Qxc4+ Qxc4
46. Bxc4 g3 0-1

[Event "Superettan(Upsala-Wasa)"]
[Site "?"]
[Date "2012.03.10"]
[Round "8"]
[White "Lundvik, Jonas"]
[Black "Berkell, Peder"]
[Result "1/2-1/2"]
[WhiteElo "2293"]
[BlackElo "2161"]
[PlyCount "151"]

1. Nf3 b6 2. e4 e6 3. d4 Bb7 4. Bd3 c5 5. c3 Nf6 6. Qe2 Be7 7. O-O Nc6 8. a3
Na5 9. Nbd2 c4 10. Bc2 Qc7 11. Re1 O-O 12. Rb1 Rac8 13. Nf1 Kh8 14. Ng3 Nb3 15.
Bxb3 cxb3 16. Qb5 Ng8 17. Qxb3 Bd6 18. Qd1 f5 19. exf5 exf5 20. Bd2 b5 21. Ne5
f4 22. Nh5 f3 23. g3 Rf5 24. Nf4 Bxe5 25. Rxe5 Rxe5 26. dxe5 Qxe5 27. Be3 Bc6
28. Bxa7 Re8 29. Qd2 Nh6 30. Qe3 Be4 31. Re1 Nf5 32. Qc5 Qxc5 33. Bxc5 Kg8 34.
g4 Nh6 35. h3 Kf7 36. Kh2 g6 37. Re3 Bc6 38. Rxe8 Kxe8 39. Kg3 Nf7 40. h4 Nd8
41. Nd3 Nf7 42. Ne1 Ne5 43. Bd4 Nc4 44. Nxf3 Nxb2 45. Ne5 Bd5 46. g5 Nc4 47.
Ng4 Kf7 48. Nf6 Be6 49. Nxh7 Nxa3 50. Nf6 Nc2 51. Bc5 Ne1 52. Ne4 Nd3 53. Ba3
Bc4 54. f4 Ke6 55. Kg4 d5 56. Nd2 Nf2+ 57. Kf3 Ne4 58. Nxe4 dxe4+ 59. Kxe4 Bd5+
60. Kd4 Bf3 61. Kc5 Be2 62. h5 gxh5 63. Kd4 Kf5 64. Ke3 Bd1 65. Bd6 Bg4 66. Kf2
Bd1 67. Kg3 Be2 68. Bc5 Bd1 69. Bg1 Be2 70. Bh2 Bd1 71. Kf2 Bc2 72. Ke3 Kg6 73.
Kd4 Bf5 74. Bg3 Bc2 75. Ke5 Bd3 76. Bh4 1/2-1/2

[Event "Superettan(Upsala-Wasa)"]
[Site "?"]
[Date "2012.03.10"]
[Round "8"]
[White "Wenzel, Birger"]
[Black "Marttala, Thomas"]
[Result "0-1"]
[WhiteElo "2070"]
[BlackElo "2238"]
[PlyCount "80"]

1. d4 d5 2. Nf3 e6 3. c4 c6 4. Qc2 Nf6 5. Bg5 Nbd7 6. e3 Qa5+ 7. Nc3 Ne4 8.
cxd5 exd5 9. Bd3 Nxg5 10. Nxg5 h6 11. Nf3 Nf6 12. O-O Be7 13. a3 O-O 14. b4 Qd8
15. Na4 Bd6 16. h3 Re8 17. b5 cxb5 18. Bxb5 Re7 19. Rfc1 Rc7 20. Qb2 Rxc1+ 21.
Rxc1 Qe7 22. Qa2 Bf5 23. Rc3 Ne4 24. Rb3 Rc8 25. Qb2 Ng5 26. Ne1 Nxh3+ 27. Kf1
Ng5 28. Bd3 Bxd3+ 29. Nxd3 b6 30. Nc3 Ne4 31. Ke2 Qg5 32. Ne1 g6 33. Nxe4 dxe4
34. a4 Qa5 35. Qa2 Rc1 36. Nc2 Qh5+ 37. f3 Qh1 38. Kd2 Qd1+ 39. Kc3 Qd3+ 40.
Kb2 Qxc2# 0-1

[Event "Superettan(Upsala-Wasa)"]
[Site "?"]
[Date "2012.03.10"]
[Round "8"]
[White "Lindberg, Henrik"]
[Black "Nordstrom, Felix"]
[Result "1/2-1/2"]
[WhiteElo "2264"]
[BlackElo "2168"]
[PlyCount "37"]

1. e4 e5 2. Nf3 Nc6 3. Nc3 Nf6 4. d4 Bb4 5. Nxe5 Bxc3+ 6. bxc3 Qe7 7. Nxc6
Qxe4+ 8. Be2 Qxc6 9. O-O O-O 10. c4 d5 11. cxd5 Nxd5 12. Qd2 b5 13. Bf3 Be6 14.
Ba3 Rfe8 15. Bc5 a5 16. a4 b4 17. c4 bxc3 18. Qxc3 Qd7 19. Qd2 1/2-1/2

[Event "Superettan(SodraSASS-Schack 08)"]
[Site "?"]
[Date "2012.03.10"]
[Round "8"]
[White "Renman, Nils-Gustaf"]
[Black "Winge, Stefan"]
[Result "0-1"]
[WhiteElo "2417"]
[BlackElo "2298"]
[PlyCount "114"]
[SourceDate "2012.03.17"]

1. d4 Nf6 2. Nf3 g6 3. c4 Bg7 4. Nc3 d5 5. cxd5 Nxd5 6. e4 Nxc3 7. bxc3 O-O 8.
Be3 c5 9. Qd2 cxd4 10. cxd4 Nc6 11. Rc1 Bg4 12. d5 Na5 13. Be2 b6 14. O-O e5
15. Ne1 Bxe2 16. Qxe2 Rc8 17. Nf3 Qd7 18. Qa6 Qb7 19. Qb5 Rxc1 20. Rxc1 Rc8 21.
d6 Rxc1+ 22. Bxc1 Qc6 23. Qxc6 Nxc6 24. d7 f6 25. Nxe5 fxe5 26. Bg5 Kf7 27.
d8=Q Nxd8 28. Bxd8 Ke6 29. Kf1 h6 30. Bc7 Kd7 31. Bb8 a6 32. Ke2 Bf6 33. Kd3 g5
34. h3 h5 35. g3 g4 36. hxg4 hxg4 37. f3 gxf3 38. Ke3 b5 39. Kxf3 a5 40. Ke2
Ke6 41. Bc7 a4 42. Ba5 Be7 43. Kd3 Bc5 44. Bd2 Kf6 45. Kc3 Kg6 46. Bc1 Kh5 47.
Kd3 Kg4 48. Bb2 Bd6 49. Bc3 Kxg3 50. Bb2 Kf3 51. Bc3 a3 52. Bd2 b4 53. Bc1 Bc5
54. Kc4 Be3 55. Bxe3 Kxe3 56. Kxb4 Kxe4 57. Kxa3 Kf3 0-1

[Event "Superettan(SodraSASS-Schack 08)"]
[Site "?"]
[Date "2012.03.10"]
[Round "8"]
[White "Sjoberg, Mats"]
[Black "Ingbrant, Johan"]
[Result "1/2-1/2"]
[WhiteElo "2355"]
[BlackElo "2464"]
[PlyCount "84"]

1. d4 Nf6 2. c4 e6 3. Nf3 c5 4. d5 b5 5. dxe6 fxe6 6. cxb5 d5 7. Bg5 Nbd7 8. e4
dxe4 9. Nfd2 Bb7 10. Nc3 Qc7 11. Nc4 Nb6 12. Qc1 Bd6 13. Bxf6 gxf6 14. Qh6 Rf8
15. Rd1 Bf4 16. Qh5+ Rf7 17. Nxb6 axb6 18. Bc4 Ke7 19. O-O Rg8 20. Ne2 Rg6 21.
Qh3 f5 22. Nxf4 Qxf4 23. Qe3 Qh4 24. g3 Qg5 25. Qxg5+ Rxg5 26. Rd2 Kf6 27. Rd6
Re7 28. Rxb6 Ke5 29. Rd1 f4 30. Kf1 Bd5 31. Bxd5 exd5 32. gxf4+ Kxf4 33. Rb8 d4
34. b6 e3 35. Rf8+ Ke4 36. fxe3 Reg7 37. b7 Rg1+ 38. Ke2 R7g2+ 39. Rf2 dxe3 40.
Rxg1 Rxf2+ 41. Ke1 Rxb2 42. Rg7 c4 1/2-1/2

[Event "Superettan(SodraSASS-Schack 08)"]
[Site "?"]
[Date "2012.03.10"]
[Round "8"]
[White "Laveryd, Peter"]
[Black "Furhoff, Johan"]
[Result "1/2-1/2"]
[WhiteElo "2426"]
[BlackElo "2378"]
[PlyCount "28"]

1. e4 e5 2. Nf3 Nc6 3. Nc3 Nf6 4. g3 Bb4 5. Bg2 d6 6. d3 h6 7. a3 Ba5 8. b4 Bb6
9. Na4 Be6 10. O-O Qd7 11. Re1 Bg4 12. Bb2 O-O 13. Nxb6 axb6 14. Qd2 b5 1/2-1/2

[Event "Superettan(SodraSASS-Schack 08)"]
[Site "?"]
[Date "2012.03.10"]
[Round "8"]
[White "Adler, Bo"]
[Black "Faldt, Magnus"]
[Result "1-0"]
[WhiteElo "2203"]
[BlackElo "2216"]
[PlyCount "67"]

1. d4 d5 2. c4 c6 3. Nf3 Nf6 4. Nc3 dxc4 5. e4 b5 6. Qc2 e6 7. Be2 Bb7 8. O-O
Nbd7 9. Re1 Be7 10. Bg5 h6 11. Bh4 g5 12. Bg3 Qb6 13. a4 a5 14. d5 cxd5 15.
exd5 Nxd5 16. Nxb5 Rc8 17. Nfd4 Nb4 18. Qc3 Nd5 19. Qc2 Nb4 20. Qd1 Nf6 21. Rc1
Bd5 22. b3 Na2 23. Rxc4 Bxc4 24. Bxc4 O-O 25. Nxe6 Rfe8 26. Nec7 Nc3 27. Qd3
Nfe4 28. Nxe8 Rxe8 29. Rxe4 Nxe4 30. Qxe4 Kf8 31. Qh7 Qf6 32. Be5 Qg6 33. Qh8+
Qg8 34. Bg7# 1-0

[Event "Superettan(SodraSASS-Schack 08)"]
[Site "?"]
[Date "2012.03.10"]
[Round "8"]
[White "Ottenklev, Niclas"]
[Black "Holmqvist, Gunnar"]
[Result "1/2-1/2"]
[WhiteElo "2220"]
[BlackElo "2262"]
[PlyCount "28"]

1. e4 e5 2. Nf3 Nc6 3. Bb5 a6 4. Ba4 Nf6 5. O-O Be7 6. Bxc6 dxc6 7. Qe1 Nd7 8.
b3 Bc5 9. Bb2 Qe7 10. d4 exd4 11. Nxd4 Nf6 12. Nd2 O-O 13. Kh1 Rd8 14. c3 Re8
1/2-1/2